Dünya Bayrakları -1939 - Statistics

General Stats
  • This quiz has been taken 181 times
  • The average score is 32 of 77
Answer Stats
Picture Answer % Correct
Amerika Birleşik Devletleri
96%
Birleşik Krallık
94%
Avustralya
85%
Yeni Zelanda
77%
Türkiye
71%
Arnavutluk
63%
Alman İmparatorluğu
59%
Fransa
58%
Japonya
58%
Sovyetler Birliği
57%
Hollanda
56%
Brezilya
52%
Meksika
49%
Norveç
49%
Finlandiya
48%
İrlanda
48%
İsveç
48%
İsviçre
48%
Moğolistan
48%
Belçika
47%
Bulgaristan
47%
Danimarka
47%
Estonya
47%
Romanya
47%
İtalya
46%
İzlanda
46%
Macaristan
46%
Polonya
46%
Şili
46%
Tayland
46%
Suudi Arabistan
45%
Afganistan
44%
Portekiz
44%
Letonya
43%
Panama
43%
Kolombiya
42%
Venezuela
42%
Peru
41%
Uruguay
41%
İran
40%
Küba
40%
Litvanya
40%
Nepal
40%
Andorra
39%
Vatikan Şehri
39%
Lihtenştayn
38%
Ekvador
37%
Hatay
37%
Lüksemburg
37%
Monako
37%
Paraguay
37%
Honduras
34%
San Marino
34%
İspanya
33%
Liberya
33%
Çekoslovakya
32%
Çin Cumhuriyeti
31%
Kanada
31%
Yunanistan
31%
Dominik Cumhuriyeti
30%
Yugoslavya
30%
Guatemala
29%
El Salvador
28%
Kosta Rika
28%
Haiti
26%
Nikaragua
26%
Mısır
25%
Bolivya
24%
Irak
22%
Yemen
22%
Güney Afrika
19%
Tibet
16%
Tuva
16%
Umman
13%
Newfoundland
10%
Danzig
9%
Mançukuo
7%
No matching quizzes found
Score Distribution
Percent of People with Each Score
Percentile by Number Answered
Your Score History
You have not taken this quiz